Central Library OPAC University of Rajshahi

Amending powers and constitutional amendments : (Record no. 59248)

MARC details
000 -LEADER
fixed length control field 00936nam a2200289 a 4500
001 - CONTROL NUMBER
control field 59248
003 - CONTROL NUMBER IDENTIFIER
rucl marc code BD-RjUL
005 - DATE AND TIME OF LATEST TRANSACTION
control field 20211209080717.0
008 - FIXED-LENGTH DATA ELEMENTS--GENERAL INFORMATION
fixed length control field 161222s1997 ii b 00100 eng
020 ## - INTERNATIONAL STANDARD BOOK NUMBER
International Standard Book Number 817100203X
035 ## - SYSTEM CONTROL NUMBER
System control number (BD-RjUL)59372
System control number 2969950
040 ## - CATALOGING SOURCE
Original cataloging agency ANL
Language of cataloging eng
Modifying agency ANL
Transcribing agency BD-RjUL
041 ## - LANGUAGE CODE
Language code of text/sound track or separate title eng
082 00 - DEWEY DECIMAL CLASSIFICATION NUMBER
Classification number 342.5403
Author mark and year DIA 1997
100 1# - MAIN ENTRY--PERSONAL NAME
Personal name Diwan, Paras,
Dates associated with a name 1924-
9 (RLIN) 176216
245 10 - TITLE STATEMENT
Title Amending powers and constitutional amendments :
Remainder of title from first to the latest amendment /
Statement of responsibility, etc. Paras Diwan and Peeyushi Diwan.
250 ## - EDITION STATEMENT
Edition statement 2nd rev. ed.
260 ## - PUBLICATION, DISTRIBUTION, ETC. (IMPRINT)
Place of publication, distribution, etc. New Delhi :
Name of publisher, distributor, etc. Deep & Deep Publications,
Date of publication, distribution, etc. 1997.
300 ## - PHYSICAL DESCRIPTION
Pagination xvi, 456 p. ;
Size 23 cm.
504 ## - BIBLIOGRAPHY, ETC. NOTE
Bibliography, etc Includes bibliographical references and index.
650 #0 - SUBJECT ADDED ENTRY--TOPICAL TERM
Topical term or geographic name as entry element Constitutional amendments
Geographic subdivision India.
9 (RLIN) 176217
Topical term or geographic name as entry element Constitutional history
Geographic subdivision India.
9 (RLIN) 176218
700 1# - ADDED ENTRY--PERSONAL NAME
Personal name Diwan, Peeyushi.
942 ## - ADDED ENTRY ELEMENTS (KOHA)
Source of classification or shelving scheme Dewey Decimal Classification
Koha item type Books
Holdings
Lost status Source of classification or shelving scheme Damaged status Not for loan Collection code Permanent Location Current Location Shelving location Date acquired Source of acquisition Cost, normal purchase price Total Checkouts Full call number Date last seen Copy number Koha item type
  Dewey Decimal Classification   Not For Loan Non-fiction Central Library, University of Rajshahi Central Library, University of Rajshahi Rare Book Section 29/03/2000 Lucky Syndicate 620.00   342.030954 DIA 1997 22/12/2016 C-1 Books